Elysium, or, The world after /

Bibliographic Details
Main Author: Brissett, Jennifer Marie (Author)
Format: Book
Language:English
Published: Seattle : Aqueduct Press, [2014]
Subjects:

MARC

Tag First Indicator Second Indicator Subfields
LEADER 00000cam a2200000Ii 4500
001 in00003495359
005 20151206125703.0
008 141006t20142014wau 000 1 eng d
010 |a  2014947864 
020 |a 9781619760530 (paperback) 
020 |a 1619760533 (paperback) 
035 |a (OCoLC)ocn892463515 
040 |a BTCTA  |e rda  |c BTCTA  |d YDX  |d BDX  |d CPL  |d CGP  |d UtOrBLW 
049 |a TXAM 
050 4 |a PS3602.R5328  |b E49 2014 
082 0 |a 813/.6  |2 23 
100 1 |a Brissett, Jennifer Marie,  |e author. 
245 1 0 |a Elysium, or, The world after /  |c Jennifer Marie Brissett. 
246 3 0 |a World after 
264 1 |a Seattle :  |b Aqueduct Press,  |c [2014] 
264 4 |c ©2014 
300 |a 199 pages ;  |c 23 cm. 
336 |a text  |b txt  |2 rdacontent 
337 |a unmediated  |b n  |2 rdamedia 
338 |a volume  |b nc  |2 rdacarrier 
500 |a Originally issued as the author's thesis. 
650 0 |a Identity (Psychology)  |v Fiction. 
650 0 |a Memory  |v Fiction. 
650 0 |a Survival  |v Fiction. 
650 0 |a Symbolism  |v Fiction. 
650 0 |a Dystopias  |v Fiction. 
655 7 |a Science fiction.  |2 lcgft 
655 7 |a Romance fiction.  |2 lcgft 
945 |a PromptCat  |b 60489 
946 |a stk 
947 |a A14842941842 
948 |a cataloged  |b h  |c 2015/2/16  |d c  |e dmitchel  |f 11:10:20 am 
994 |a 92  |b TXA 
999 |a MARS 
999 f f |s 4fca74dd-5a89-3b2c-b4d1-b0bde3957db6  |i f2778dbe-d546-3838-9ac3-592ba0912eb8  |t 0 
952 f f |p normal  |a Texas A&M University  |b College Station  |c Sterling C. Evans Library  |d Evans: Library Stacks  |t 0  |e PS3602.R5328 E49 2014  |h Library of Congress classification  |i unmediated -- volume  |m A14842941842 
998 f f |a PS3602.R5328 E49 2014  |t 0  |l Evans: Library Stacks